000 00785cab a2200193 4500
001 ##L134626
008 060821n2006 000 0 eng u
035 _a(Sirsi) u134626
041 0 _aeng
100 1 _aRushton, Trevor
245 0 2 _aA watertight solution
260 _c2006
490 0 _aRICS Building Surveying Faculty The Journal
_vJuly 2006, 14-15(2)
520 _aLooks at the various liquid waterproofing systems for flat roofs, particularly hot-and cold-applied membranes, examines some of the design and health and safety issues to be considered when selecting materials, and potential problems with the two systems.
590 _aIKA220806
651 4 _aInternational
690 _aBUILT ENVIRONMENT-BUILDING ELEMENTS-COMPLETE BUILDING ELEMENTS-ROOFS
942 _n0
999 _c77597
_d77597